000 00811nam a2200289Ia 4500
005 20260324111552.0
008 008 260324s9999 xx 000 0 eng d
020 _a9781003497363
037 _aEBOOK
040 _aCRL
040 _beng
040 _cCRL
041 _2eng
041 _aeng
084 _qCRL
100 _aAjay Kumar Sharma; Narasimha Rao Vajjhala; Rakshit Kothari; Rajasekhara Mouly Potluri
_91139106
245 0 _aExplainable AI and Blockchain for Secure and Agile Supply Chains
245 0 _bEnhancing Transparency, Traceability, and Accountability
260 _bTaylor and Francis
260 _c2025
365 _a
365 _b260
856 _uhttp://www.taylorfrancis.com/books/9781003497363
942 _cEBOOK
999 _c1727980
_d1727980